| 000 | 01685cam a2200433 i 4500 | ||
|---|---|---|---|
| 001 | 18288612 | ||
| 003 | OSt | ||
| 005 | 20220609140342.0 | ||
| 008 | 140903s2016 maua b 001 0 eng d | ||
| 010 | _a 2014950274 | ||
| 020 | _a1285869680 (Student edition) | ||
| 020 | _a9781285869681 (Student edition) | ||
| 035 | _a(OCoLC)ocn884617420 | ||
| 040 |
_aYDXCP _beng _cYDXCP _dBTCTA _erda _dNRC _dOCLCF _dDLC |
||
| 042 | _alccopycat | ||
| 050 | 0 | 0 |
_aHF5437 _b.M648 2016 |
| 082 | 0 | 0 |
_a658.7 _223 |
| 245 | 0 | 0 |
_aPurchasing and supply chain management / _cRobert M. Monczka, Robert B. Handfield, Larry C. Giunipero, James L. Patterson . |
| 250 | _aSixth edition. | ||
| 264 | 1 |
_aBoston, MA : _bCengage Learning, _c[2016] |
|
| 300 |
_axxx, 858 pages : _billustrations ; _c26 cm |
||
| 336 |
_atext _btxt _2rdacontent |
||
| 337 |
_aunmediated _bn _2rdamedia |
||
| 338 |
_avolume _bnc _2rdacarrier |
||
| 500 | _aIncludes bibliographical references and index. | ||
| 505 | _aContents: Introduction -- Purchasing operations and structure -- Strategic sourcing -- Strategic sourcing process -- Critical supply chain elements -- Future directions. | ||
| 650 | 0 | _aPurchasing. | |
| 650 | 0 | _aIndustrial management. | |
| 650 | 7 |
_aIndustrial management. _2fast _0(OCoLC)fst00971246 |
|
| 650 | 7 |
_aPurchasing. _2fast _0(OCoLC)fst01084263 |
|
| 700 | 1 |
_aMonczka, Robert M., _eauthor. |
|
| 700 | 1 |
_aHandfield, Robert B., _eauthor. |
|
| 700 | 1 |
_aGiunipero, Larry Carl, _eauthor. |
|
| 700 | 1 |
_aPatterson, James L., _eauthor. |
|
| 906 |
_a7 _bcbc _ccopycat _d2 _encip _f20 _gy-gencatlg |
||
| 942 |
_2lcc _cBK |
||
| 999 |
_c9003 _d16503 |
||